Postavenie Chorvátska v EÚ diplomová práca

Enregistré dans:
Détails bibliographiques
Auteur principal: Graindová, Andrea
Collectivité auteur: Obchodná fakulta EU. Katedra medzinárodného obchodu
Autres auteurs: Vargová, Andrea
Format: Livre
Langue:slovaque
Publié: Bratislava 2014
Tags: Ajouter un tag
Pas de tags, Soyez le premier à ajouter un tag!

MARC

LEADER 00000nbm a2200000 4500
001 0186106
005 20170201094912.0
041 0 |a slo 
044 |a SK 
245 1 0 |a Postavenie Chorvátska v EÚ  |b diplomová práca  |c Andrea Graindová ; školiteľ: Andrea Vargová 
264 1 |a Bratislava  |c 2014 
300 |a 68 s. 
100 1 |a Graindová, Andrea 
700 1 |a Vargová, Andrea 
710 2 |a Obchodná fakulta EU. Katedra medzinárodného obchodu